La boca del infierno / (Record no. 183029)
[ view plain ]
| 000 -LEADER | |
|---|---|
| campo de control de longitud fija | 00619nam a2200205 i 4500 |
| 001 - NÚMERO DE CONTROL | |
| campo de control | 183029 |
| 003 - IDENTIFICADOR DE NÚMERO DE CONTROL | |
| campo de control | ES-MaACL |
| 005 - FECHA Y HORA DE LA ÚLTIMA TRANSACCIÓN | |
| campo de control | 20250814063257.0 |
| 008 - DATOS DE LONGITUD FIJA--INFORMACIÓN GENERAL | |
| campo de control de longitud fija | 140114s2011 sp | |||||||| | spa d |
| 020 ## - NÚMERO INTERNACIONAL ESTÁNDAR DEL LIBRO | |
| Número Internacional Estándar del Libro | 978-84-9981-845-0 |
| 080 ## - NÚMERO DE LA CLASIFICACIÓN DECIMAL UNIVERSAL | |
| Número de la Clasificación Decimal Universal | 821.134.2-31"19" |
| 100 1# - ENTRADA PRINCIPAL--NOMBRE DE PERSONA | |
| Nombre de persona | Sevylla de Juana, Pedro, |
| Fechas asociadas al nombre | 1946- |
| 9 (RLIN) | 105937 |
| 245 13 - MENCIÓN DEL TÍTULO | |
| Título | La boca del infierno / |
| Mención de responsabilidad, etc. | Pedro Sevylla de Juana. |
| 250 ## - MENCION DE EDICION | |
| Mención de edición | 1ª ed. |
| 260 ## - PUBLICACIÓN, DISTRIBUCIÓN, ETC. | |
| Lugar de publicación, distribución, etc. | [Madrid] : |
| Nombre del editor, distribuidor, etc. | Bubok, |
| Fecha de publicación, distribución, etc. | D.L. 2011. |
| 300 ## - DESCRIPCIÓN FÍSICA | |
| Extensión | 252 p. ; |
| Dimensiones | 21 cm. |
| 852 ## - LOCALIZACIÓN | |
| Ubicación | ES-MaACL |
| Número de control de estantería | A-12968 |
| itemnumber | 189962 |
| Sublocalización o colección | R.149804 |
| Ubicación en estantería | Depósito 1 |
| Signatura antigua | Olim: N-5968 |
| 942 ## - ELEMENTOS DE ENTRADA SECUNDARIOS (KOHA) | |
| Fuente del sistema de clasificación o colocación | Clasificación decimal universal |
| Tipo de ítem Koha | Libro impreso |
| Estatus retirado | Estado de pérdida | Fuente del sistema de clasificación o colocación | Estado de daño | No para préstamo | Biblioteca de origen | Biblioteca actual | Ubicación en estantería | Fecha de adquisición | Fuente de adquisición | Total de préstamos | Signatura topográfica completa | Código de barras | Visto por última vez | Precio de reemplazo | Tipo de ítem Koha |
|---|---|---|---|---|---|---|---|---|---|---|---|---|---|---|---|
| Clasificación decimal universal | Biblioteca del Ateneo de Madrid | Biblioteca del Ateneo de Madrid | Depósito 1 | 14/01/2014 | Donación | A-12968 | 1192368 | 23/02/2023 | 23/02/2023 | Libro impreso |
